MARC

LEADER 00000nam0a2200000 4500
001 100414
005 20231101214315.0
010 |a 0860826133 
035 |a (RuTPU)RU\TPU\book\108023 
090 |a 100414 
100 |a 20060823d1995 m y0engy50 ba 
101 0 |a eng 
102 |a GB 
105 |a a jz 000zy 
200 1 |a Time After Time  |e materials for teaching grammar in post-elementary ESL classes  |f M. Wilkins, M. Baynham 
210 |a Cambridge  |c National Extension College  |d 1995 
215 |a 119 p.  |c il. 
606 1 |a Английский язык  |x Учебные руководства и пособия  |x Учебные руководства и пособия для высшей школы  |2 stltpush  |3 (RuTPU)RU\TPU\subj\29071  |9 52483 
610 1 |a аудиокурсы 
610 1 |a грамматика 
610 1 |a преподавание 
610 1 |a аудиокурсы 
610 1 |a лексика 
686 |a Ш143.21-923  |v LBC/SL-A  |2 rubbk 
700 1 |a Wilkins  |b M.  |g Meryl 
701 1 |a Baynham  |b M.  |g Mike 
801 1 |a RU  |b 63413507  |c 20060823  |g PSBO 
801 2 |a RU  |b 63413507  |c 20150306  |g PSBO 
942 |c BK